| 000 | 00434nam a2200169Ia 4500 | ||
|---|---|---|---|
| 008 | 180424s9999 xx 000 0 und d | ||
| 084 | _a396 E3 | ||
| 100 | _a"Epstein, Cynthia Fuchs" | ||
| 245 | 0 | _aOther Half: Roads to Women`s Equality | |
| 250 | _a\\197100ENGGPSX | ||
| 260 | _aPrentice Hall | ||
| 260 | _b1971 | ||
| 260 | _cEnglewood Cliffs | ||
| 300 | _aviii+207p | ||
| 500 | _aincludes index and biblioraphy | ||
| 942 | _cBK | ||
| 999 |
_c25781 _d25781 |
||